000 01202nam a2200253Ia 4500
999 _c51000
_d51000
001 17957
003 GE_BSU
005 20200302115441.0
008 181216s1976 xx |||||||||||||| ||geo||
040 _cGE_BSU
041 _ageo
080 _a81'34 მ-54
100 _aმელიქიშვილი, ირინა.
_97673
245 _aმარკირების მიმართება ფონოლოგიაში /
_cირინა მელიქიშვილი ; რედ.თ.შარაშენიძე ; მხატვ. გ. ნადირაძე.
264 _aთბილისი :
_bმეცნიერება,
_c1976.
300 _a174 გვ. ;
_c21 სმ.
504 _aბიბლ: გვ. 163-172.
520 _aრეზ. რუს. ენ..
653 _aმარკირების მიმართება ფონოლოგიაში
653 _aფონოლოგია; მარკირების მიმართება
700 _aშარაშენიძე, თ
_eრედაქტორი
_97674
700 _aნადირაძე, გ
_eმხატვარი
_97675
942 _cBK
_2udc